00613cam a22001813a 450000100060000000300060000600500170001200800410002904000150007004200070008510000210009224501680011326000290028150600300031051600200034083000290036085600420038935662PGUSA20140828083752.0110323s2011||||xxu|||||s|||||000 | eng d aPGUSAbeng adc1 aLandrum, John M.14aThe Slavery Question :bSpeech of Hon. John M. Landrum, of La., Delivered in the House of Representatives, April 27, 1860h[electronic resource] /cJohn M. Landrum bProject Gutenberg,c2011 aPublic domain in the USA. aElectronic text 0aProject Gutenbergv3566240uhttp://www.gutenberg.org/ebooks/35662